All South American Premier League Players - Statistics

General Stats
  • This quiz has been taken 58 times
  • The average score is 12 of 17
Answer Stats
Club Nation Pos Former Club Answer % Correct
Chelsea Ecuador MID Brighton Moises Caicedo
94%
Southampton Chile ATT Villarreal Ben Brereton Diaz
92%
Liverpool Colombia ATT FC Porto Luis Diaz
92%
Man United Uruguay MID PSG Manuel Ugarte
92%
Liverpool Uruguay ATT Benfica Darwin Nunez
90%
Newcastle Paraguay ATT Atlanta Utd Miguel Almiron
84%
Spurs Uruguay MID Juventus Rodrigo Bentancur
84%
Aston Villa Colombia ATT Cincinnati Jhon Duran
82%
Brighton Ecuador DEF Villarreal Pervis Estupinan
80%
Crystal Palace Colombia MID Bournemouth Jefferson Lerma
73%
Brighton Paraguay ATT Libertad Julio Enciso
71%
Bournemouth Colombia ATT Leeds Luis Sinisterra
71%
Crystal Palace Colombia DEF Genk Daniel Munoz
67%
Wolves Uruguay DEF Celta Santiago Bueno
47%
Wolves Colombia DEF Atl. Nacional Yerson Mosquera
37%
Nottingham Paraguay ATT Talleres Ramon Sosa
35%
Wolves Paraguay ATT Libertad Enso Gonzalez
16%
No matching quizzes found
Score Distribution
Percent of People with Each Score
Percentile by Number Answered
Your Score History
You have not taken this quiz